|
|
|
|
| LEADER |
00000nab a2200000 a 4500 |
| 001 |
vtls000737401 |
| 003 |
SK-MaSNL |
| 005 |
20260304104349.0 |
| 008 |
250429c2000 xo 0 slo |
| 015 |
|
|
|a SNBRB2000/11-26778
|
| 035 |
|
|
|a CLN000089268
|
| 035 |
|
|
|a urn:nbn:sk:snk-ab6oab
|
| 035 |
|
|
|a (uuid)32e3b4fa-d7f4-4394-9e3d-a498909e6a07
|
| 035 |
|
|
|a (urnnbn)urn:nbn:sk:snk:ar-005od5
|
| 035 |
|
|
|a (sysno)vtls000737401
|
| 040 |
|
|
|a SNKBUCL
|b slo
|c SNKBUCL
|e AACR2
|
| 041 |
0 |
|
|a cze
|
| 044 |
|
|
|a xo
|c SK
|
| 080 |
|
|
|a 621.774:061.5(437.1/.2)
|2 1997
|
| 080 |
|
|
|a 621.791.019
|2 1997
|
| 080 |
|
|
|a 620.193
|2 1997
|
| 100 |
1 |
|
|a Křeček, Ivan
|4 aut
|9 1049608
|
| 245 |
1 |
0 |
|a SANDVIK Chomutov
|b korozní odolnost svaru
|c Ivan Křeček
|
| 300 |
|
|
|b Fotogr.
|
| 504 |
|
|
|a Bibliogr. odkazy
|
| 610 |
|
7 |
|a Sandvik Chomutov Precision Tubes (Chomutov, Česko)
|2 snkbucl
|9 1404275
|
| 650 |
0 |
7 |
|a zvarové spoje
|2 snkbucl
|9 31821
|
| 650 |
0 |
7 |
|a odolnosť korózna
|2 snkbucl
|9 1262683
|
| 655 |
|
7 |
|a články z novín a časopisov
|2 snkbucl
|9 267496
|
| 773 |
0 |
|
|t Zváranie
|g Roč. 49, č. 10 (2000), s. [2]
|x 0044-5525
|
| 850 |
|
|
|a Slovenská národná knižnica
|
| 852 |
|
|
|a Slovenská národná knižnica
|
| 954 |
|
|
|a odborná, vedecká literatúra pôvodná (slovenská)
|2 lita
|
| 954 |
|
|
|a odborná, vedecká literatúra cudzojazyčná (svetová)
|2 lita
|
| 958 |
|
|
|a article
|
| 958 |
|
|
|a OND
|
| 958 |
|
|
|a CZ
|
| 958 |
|
|
|a NB
|
| 958 |
|
|
|a EUIPO
|
| 992 |
|
|
|a RBX
|
| 999 |
|
|
|c 2851472
|d 2853402
|